000 00609nam a2200181Ia 4500
008 090630s9999 xx 000 0 und d
082 _b25959
100 _aभारद्वाज मंदाकिनी.
245 _aनाती.
_cभारद्वाज मंदाकिनी.
260 _bयोगिता - पुणे.
_c2006
300 _a186
600 _aभारद्वाज मंदाकिनी.
630 _aनाती.
655 _aलघुकथा.
700 _aभारद्वाज मंदाकिनी.
730 _aनाती.
942 _cBOOK
999 _c277815
_d277815